000
00303nam a22001337a 4500
008
171013b xxu||||| |||| 00| 0 eng d
020
_a
0874111153
041
_a
eng
080
_a
316
100
_a
51
101
_a
SOC
245
_a
GROWING OLD IN DIFFERENT SOCIETIES
_c
SOKOLOVSKY,J
942
_2
udc
_c
BK
999
_c
33753
_d
33753